[Event "2.BLW 1617 SV Würselen - SG Köln Porz"]
[Site "?"]
[Date "2016.12.05"]
[Round "3.4"]
[White "Hovhannisyan, Mher"]
[Black "Bok, Benjamin"]
[Result "0-1"]
[WhiteElo "2458"]
[BlackElo "2598"]
[PlyCount "78"]
[EventDate "2016.??.??"]

1. Nf3 c5 2. c4 Nf6 3. Nc3 d5 4. cxd5 Nxd5 5. g3 Nc6 6. Bg2 g6 7. Ng5 e6 8. d3
Bg7 9. O-O O-O 10. Nxd5 exd5 11. Nh3 b6 12. Nf4 Ne7 13. Rb1 Rb8 14. b4 c4 15.
b5 c3 16. Qa4 d4 17. Qxa7 Be5 18. h4 Re8 19. Qa4 Bb7 20. Bxb7 Rxb7 21. Re1 Qa8
22. Qxa8 Rxa8 23. a3 Ra4 24. Rb3 Rba7 25. e3 Bxf4 26. gxf4 f6 27. Kg2 Rd7 28.
exd4 Nd5 29. Re4 f5 30. Re2 Rxd4 31. Be3 Rxd3 32. Re1 Re7 33. Kf3 Re4 34. a4
Nxf4 35. a5 Ne6 36. Ke2 Rdxe3+ 37. fxe3 Nd4+ 38. Kd3 Nxb3 39. axb6 Rb4 0-1

[Event "2.BLW 1617 SV Würselen - SG Köln Porz"]
[Site "?"]
[Date "2016.12.05"]
[Round "3.5"]
[White "Reinderman, Dimitri"]
[Black "Cekro, Ekrem"]
[Result "1-0"]
[WhiteElo "2573"]
[BlackElo "2413"]
[PlyCount "69"]
[EventDate "2016.??.??"]

1. e4 d6 2. d4 g6 3. c4 Bg7 4. Nc3 Nc6 5. Nge2 e5 6. Be3 exd4 7. Nxd4 Nge7 8.
h4 h5 9. Qd2 Ne5 10. Be2 N7c6 11. O-O-O Ng4 12. Bxg4 Bxg4 13. f3 Be6 14. Nxe6
fxe6 15. Bg5 Qd7 16. f4 Qf7 17. Qe3 O-O 18. Rhf1 Rac8 19. Kb1 a6 20. Ne2 d5 21.
Ng3 Na5 22. cxd5 Nc4 23. Qc3 exd5 24. e5 b5 25. Qd3 c5 26. Rf3 d4 27. Ne4 Ne3
28. Nd6 Qe6 29. Nxc8 Rxc8 30. Rxe3 dxe3 31. Qxe3 Bf8 32. Qd3 c4 33. Qd7 Qxd7
34. Rxd7 Rc6 35. Rd8 1-0

[Event "2.BLW 1617 SV Würselen - SG Köln Porz"]
[Site "?"]
[Date "2016.12.05"]
[Round "3.6"]
[White "Docx, Stefan"]
[Black "Van Den Doel, Erik"]
[Result "1/2-1/2"]
[WhiteElo "2407"]
[BlackElo "2576"]
[PlyCount "113"]
[EventDate "2016.??.??"]

1. c4 e5 2. Nc3 Bb4 3. Nd5 Na6 4. e3 Nf6 5. a3 Nxd5 6. cxd5 Bd6 7. d4 exd4 8.
Qxd4 O-O 9. Bxa6 bxa6 10. Nf3 c5 11. dxc6 dxc6 12. b4 Be7 13. Bb2 Qxd4 14. Bxd4
a5 15. Bc5 Bf6 16. Nd4 Bxd4 17. Bxd4 Rd8 18. O-O Rd5 19. Rfc1 axb4 20. axb4 Rb5
21. Ra4 Bb7 22. Bc5 a6 23. Rd1 h6 24. h3 Re8 25. Rd7 Bc8 26. Rc7 Rd8 27. Kh2
Re8 28. Ra1 Rb7 29. Rxc6 Rd7 30. Bd4 Bb7 31. Rb6 Kh7 32. Ra5 Ree7 33. f3 f6 34.
h4 Kg6 35. Kg3 Kf7 36. Kf4 Re6 37. Rxe6 Kxe6 38. g4 Rd5 39. Ra3 h5 40. Kg3 hxg4
41. fxg4 Rd7 42. Ra5 Rc7 43. b5 axb5 44. Rxb5 Bd5 45. Rb6+ Bc6 46. Kf4 Kf7 47.
Ra6 Rc8 48. h5 Kg8 49. g5 fxg5+ 50. Kxg5 Kh7 51. Rb6 Kg8 52. Ra6 Rc7 53. Be5
Re7 54. Bd6 Bb7 55. Ra7 Rd7 56. Be5 Kh7 57. Kf4 1/2-1/2

[Event "2.BLW 1617 SV Würselen - SG Köln Porz"]
[Site "?"]
[Date "2016.12.05"]
[Round "3.7"]
[White "Lutz, Christopher"]
[Black "Beukema, Stefan"]
[Result "1-0"]
[WhiteElo "2530"]
[BlackElo "2405"]
[PlyCount "61"]
[EventDate "2016.??.??"]

1. e4 e5 2. Nf3 Nc6 3. Bb5 Nge7 4. O-O g6 5. c3 Bg7 6. d4 exd4 7. cxd4 d5 8.
exd5 Nxd5 9. Re1+ Be6 10. Bg5 Qd6 11. Nbd2 O-O 12. Ne4 Qb4 13. Bxc6 bxc6 14.
Qc1 Rfe8 15. h3 Rab8 16. b3 Bf5 17. Bd2 Qf8 18. Nc5 Rxe1+ 19. Qxe1 Re8 20. Qf1
Be4 21. Nxe4 Rxe4 22. Rc1 Qd6 23. Qd3 f5 24. Qc4 Re6 25. Qa6 h6 26. Qxa7 Nf4
27. Bxf4 Qxf4 28. Rxc6 Bxd4 29. Qb8+ Kf7 30. Rxc7+ Kf6 31. Qf8# 1-0

[Event "2.BLW 1617 SV Würselen - SG Köln Porz"]
[Site "?"]
[Date "2016.12.05"]
[Round "3.8"]
[White "Heinichen, Nils"]
[Black "Rotstein, Arkadij"]
[Result "0-1"]
[WhiteElo "2118"]
[BlackElo "2496"]
[PlyCount "86"]
[EventDate "2016.??.??"]

1. d4 d5 2. c4 dxc4 3. Nc3 a6 4. a4 Nc6 5. Nf3 Nf6 6. Bg5 h6 7. Bxf6 exf6 8. e3
Na5 9. Qc2 Bb4 10. Be2 O-O 11. O-O Bg4 12. Na2 Bd6 13. h3 Bxf3 14. Bxf3 c6 15.
Nc3 Rc8 16. Bg4 Rb8 17. Ne4 Bb4 18. Rad1 Qe7 19. Ng3 g5 20. Bf3 Rbd8 21. Ne2
Kg7 22. h4 h5 23. e4 Nb3 24. d5 c5 25. g3 b5 26. Bg2 Rfe8 27. f4 Nd4 28. Nxd4
cxd4 29. Kh2 d3 30. Qf2 Bc5 31. Qf3 Bd4 32. b3 Rc8 33. Rb1 Rc7 34. Rfd1 Qc5 35.
b4 Qd6 36. a5 c3 37. Qxd3 c2 38. Qxd4 Rc4 39. Qb6 Qxb4 40. Rxb4 cxd1=Q 41. Rxc4
bxc4 42. Qc6 Rb8 43. Qxc4 Rb2 0-1

[Event "2.BLW 1617 Düsseldorfer SK - Aachener S"]
[Site "?"]
[Date "2016.12.05"]
[Round "3.1"]
[White "Seel, Christian"]
[Black "Kohlweyer, Bernd"]
[Result "1/2-1/2"]
[WhiteElo "2472"]
[BlackElo "2324"]
[PlyCount "86"]
[EventDate "2016.??.??"]

1. d4 Nf6 2. Nf3 d5 3. e3 g6 4. c4 Bg7 5. Nc3 O-O 6. b4 Be6 7. Ng5 Bg4 8. Qb3
e5 9. cxd5 exd4 10. exd4 h6 11. Nf3 Bxf3 12. gxf3 c6 13. Be3 Nxd5 14. Nxd5 cxd5
15. Bg2 Nc6 16. Rd1 Qd6 17. O-O Rfd8 18. a3 a5 19. b5 a4 20. Qc2 Na5 21. Qxa4
Nc4 22. Qb4 Rxa3 23. Qxd6 Rxd6 24. Ra1 Nxe3 25. Rxa3 Nxf1 26. Kxf1 Bxd4 27. Rd3
Be5 28. f4 Bxf4 29. Rxd5 Bxh2 30. Rxd6 Bxd6 31. Bxb7 Bc5 32. Kg2 f5 33. Bc6 Kg7
34. Be8 Kf6 35. f3 Bb6 36. Kh3 Bc7 37. Kg2 g5 38. Bh5 Ke5 39. Kf2 Kf4 40. Kg2
g4 41. fxg4 fxg4 42. b6 Bxb6 43. Bxg4 Kxg4 1/2-1/2

[Event "2.BLW 1617 Düsseldorfer SK - Aachener S"]
[Site "?"]
[Date "2016.12.05"]
[Round "3.2"]
[White "Schuh, Dirk"]
[Black "Koch, Thomas"]
[Result "1/2-1/2"]
[WhiteElo "2366"]
[BlackElo "2470"]
[PlyCount "100"]
[EventDate "2016.??.??"]

1. d4 Nf6 2. Bf4 e6 3. e3 b6 4. Nf3 Bb7 5. Nbd2 Be7 6. h3 c5 7. Bd3 cxd4 8.
exd4 d6 9. O-O O-O 10. Re1 Re8 11. Bh2 Nbd7 12. a4 a6 13. c3 Qc7 14. Qb3 Rac8
15. Re2 Qb8 16. Rae1 Bf8 17. Qa3 Red8 18. Qa2 Bd5 19. c4 Bc6 20. b3 b5 21. a5
bxc4 22. bxc4 Qa7 23. Rb1 Re8 24. Qa3 e5 25. d5 Bb7 26. Bf5 Rc7 27. Bxd7 Nxd7
28. Bf4 Qa8 29. Be3 Nc5 30. Nb3 Ne4 31. Nbd2 Nc5 32. Nb3 Nxb3 33. Qxb3 Bc8 34.
Bb6 Rb7 35. c5 dxc5 36. Rxe5 Bd7 37. Rxe8 Bxe8 38. Rd1 Qb8 39. Qc3 Qd6 40. Ne5
Bb5 41. Nc4 Qf4 42. Rc1 Qxc4 43. Qxc4 Bxc4 44. Rxc4 f5 45. Rc3 Rd7 46. Bxc5
Rxd5 47. Bxf8 Kxf8 48. Rc8+ Ke7 49. Rc7+ Kf8 50. Rc8+ Ke7 1/2-1/2

[Event "2.BLW 1617 Düsseldorfer SK - Aachener S"]
[Site "?"]
[Date "2016.12.05"]
[Round "3.3"]
[White "Jackelen, Thomas"]
[Black "Stark, Lars"]
[Result "1/2-1/2"]
[WhiteElo "2406"]
[BlackElo "2393"]
[PlyCount "26"]
[EventDate "2016.??.??"]

1. Nf3 Nf6 2. c4 e6 3. g3 a6 4. Bg2 b5 5. b3 c5 6. Nc3 Qb6 7. e3 Bb7 8. Qe2 b4
9. Na4 Qc7 10. Bb2 d6 11. O-O Nbd7 12. a3 a5 13. axb4 axb4 1/2-1/2

[Event "2.BLW 1617 Düsseldorfer SK - Aachener S"]
[Site "?"]
[Date "2016.12.05"]
[Round "3.4"]
[White "de Gleria, Francesco"]
[Black "Sonntag, Hans-Hubert"]
[Result "1-0"]
[WhiteElo "2372"]
[BlackElo "2356"]
[PlyCount "68"]
[EventDate "2016.??.??"]

1. e4 e5 2. Nf3 Nc6 3. d4 exd4 4. Nxd4 Bb4+ 5. c3 Bc5 6. Nxc6 bxc6 7. Bd3 Qh4
8. Qe2 d6 9. Be3 Bxe3 10. Qxe3 Nf6 11. Nd2 Ng4 12. Nf3 Qe7 13. Qd2 O-O 14. O-O
c5 15. h3 Ne5 16. Nxe5 Qxe5 17. Rae1 Qe7 18. Re3 Be6 19. b3 a5 20. f4 f6 21. e5
fxe5 22. fxe5 Rxf1+ 23. Bxf1 d5 24. Bb5 Rd8 25. Rd3 Bf7 26. Qf4 Qe6 27. Qg5 Rf8
28. Rg3 Qg6 29. Qxg6 Bxg6 30. e6 Rb8 31. Bc6 d4 32. Rf3 h5 33. e7 Bf7 34. cxd4
cxd4 1-0

[Event "2.BLW 1617 Düsseldorfer SK - Aachener S"]
[Site "?"]
[Date "2016.12.05"]
[Round "3.5"]
[White "Klein, Felix"]
[Black "Coenen, Michael"]
[Result "1/2-1/2"]
[WhiteElo "2293"]
[BlackElo "2382"]
[PlyCount "25"]
[EventDate "2016.??.??"]

1. e4 e5 2. Nf3 Nc6 3. Bb5 a6 4. Ba4 Nf6 5. O-O Be7 6. Re1 b5 7. Bb3 O-O 8. c3
Re8 9. d4 d6 10. Ng5 Rf8 11. Nf3 Re8 12. Ng5 Rf8 13. Nf3 1/2-1/2

[Event "2.BLW 1617 Düsseldorfer SK - Aachener S"]
[Site "?"]
[Date "2016.12.05"]
[Round "3.6"]
[White "Miedema, David"]
[Black "Begnis, Nikolaos"]
[Result "1-0"]
[WhiteElo "2358"]
[BlackElo "2305"]
[PlyCount "121"]
[EventDate "2016.??.??"]

1. d4 Nf6 2. c4 g6 3. Nc3 Bg7 4. e4 d6 5. f3 O-O 6. Be3 Nc6 7. Nge2 a6 8. Qd2
Rb8 9. g4 b5 10. h4 h5 11. Ng3 e5 12. dxe5 Nxe5 13. Be2 hxg4 14. f4 Nf3+ 15.
Bxf3 gxf3 16. h5 f2+ 17. Bxf2 b4 18. Nd5 Nxe4 19. Nxe4 Re8 20. O-O-O Rxe4 21.
h6 Rxc4+ 22. Kb1 Bf5+ 23. Ka1 Bh8 24. h7+ Kf8 25. Bh4 Rc2 26. Qxc2 Bxc2 27.
Bxd8 Rxd8 28. Rc1 Be4 29. Rhd1 c5 30. Nc7 a5 31. Rxc5 a4 32. Re5 Bf3 33. Rd3
Rc8 34. Re8+ Rxe8 35. Nxe8 Bg4 36. Nxd6 a3 37. Nc4 axb2+ 38. Nxb2 Kg7 39. Rb3
Kxh7 40. Rxb4 Bc3 41. Rc4 Ba5 42. Nd3 Be6 43. Ra4 Bc3+ 44. Kb1 Bf5 45. Kc2 Bf6
46. Ra5 Kh6 47. Kd2 Be6 48. Nc5 Bf5 49. Ra7 Bd4 50. Rc7 Kh5 51. Nb3 Bb6 52.
Rxf7 Kg4 53. Rb7 Bg1 54. Rb4 Bh2 55. Ke3 Bg1+ 56. Ke2 Kg3 57. a4 Bg4+ 58. Kd2
Bh2 59. a5 Kf3 60. Nd4+ Kxf4 61. a6 1-0

[Event "2.BLW 1617 Düsseldorfer SK - Aachener S"]
[Site "?"]
[Date "2016.12.05"]
[Round "3.7"]
[White "Meessen, Rudolf"]
[Black "Harff, Marcel"]
[Result "0-1"]
[WhiteElo "2292"]
[BlackElo "2338"]
[PlyCount "114"]
[EventDate "2016.??.??"]

1. d4 Nf6 2. Bg5 e6 3. Nd2 d5 4. e3 c5 5. c3 Nc6 6. Ngf3 Qb6 7. Rb1 Be7 8. Bd3
h6 9. Bh4 Bd7 10. O-O O-O 11. Ne5 Be8 12. Kh1 Nd7 13. Bxe7 Nxe7 14. f4 f6 15.
Nxd7 Bxd7 16. Qe2 Rad8 17. Nf3 a6 18. Rfe1 cxd4 19. exd4 Qd6 20. Rf1 Be8 21.
Rbe1 Bf7 22. Nh4 Rde8 23. Bb1 g6 24. Qg4 Kh7 25. Re3 f5 26. Qe2 Ng8 27. g4 Nf6
28. h3 Ne4 29. Bxe4 dxe4 30. Ng2 Rc8 31. Rg3 Be8 32. h4 Bb5 33. Qf2 Bxf1 34.
Qxf1 fxg4 35. Qe2 h5 36. Qxe4 Rc6 37. Kh2 Kg7 38. Re3 b5 39. Kg3 Rf5 40. a3 a5
41. Ne1 b4 42. axb4 axb4 43. Nc2 bxc3 44. bxc3 Rc7 45. Nb4 Kh7 46. d5 exd5 47.
Qd4 Qc5 48. Qd2 Rcf7 49. Nd3 Qc4 50. Re1 Rc7 51. Kg2 Qxc3 52. Re7+ Kg8 53. Re8+
Rf8 54. Qe3 Rxe8 55. Qxe8+ Kg7 56. Kf2 Qd4+ 57. Ke1 Qe4+ 0-1

[Event "2.BLW 1617 Düsseldorfer SK - Aachener S"]
[Site "?"]
[Date "2016.12.05"]
[Round "3.8"]
[White "Hainke, Guntram"]
[Black "Lamby, Philipp"]
[Result "1/2-1/2"]
[WhiteElo "2297"]
[BlackElo "2189"]
[PlyCount "87"]
[EventDate "2016.??.??"]

1. d4 Nf6 2. c4 e6 3. Nc3 Bb4 4. e3 b6 5. Nge2 Ne4 6. Qc2 Bb7 7. a3 Bxc3+ 8.
Nxc3 Nxc3 9. Qxc3 O-O 10. b4 Qf6 11. Bb2 Qg6 12. f3 d6 13. Kf2 f5 14. Be2 Nd7
15. Rhd1 Nf6 16. Rac1 Qh6 17. Kg1 Rae8 18. Qd2 Re7 19. Bd3 Qg5 20. Qf2 h5 21.
Re1 h4 22. Rcd1 g6 23. Bc1 h3 24. g3 Ne4 25. Bxe4 fxe4 26. f4 Qf5 27. Qe2 g5
28. Rf1 g4 29. Bb2 c6 30. Rc1 Ra8 31. a4 a5 32. b5 Rc8 33. Ba3 Rd7 34. Qd2 cxb5
35. cxb5 Qd5 36. Rxc8+ Bxc8 37. Rc1 Bb7 38. Qc2 Kf7 39. Qc3 Kg6 40. Rc2 Rd8 41.
Qc4 Qxc4 42. Rxc4 Rd7 43. Kf2 Kf5 44. Rc2 1/2-1/2

[Event "2.BLW 1617 SG Bochum - Aachener SV"]
[Site "?"]
[Date "2017.01.15"]
[Round "4.1"]
[White "Seel, Christian"]
[Black "Hendriks, Willy"]
[Result "1/2-1/2"]
[WhiteElo "2471"]
[BlackElo "2400"]
[PlyCount "169"]
[EventDate "2017.??.??"]

1. Nf3 d6 2. d4 Bg4 3. e3 Nd7 4. Be2 Ngf6 5. c4 e5 6. Nc3 Be7 7. h3 Bh5 8. Nh4
Bxe2 9. Qxe2 O-O 10. Nf5 Re8 11. O-O c6 12. b3 Bf8 13. dxe5 dxe5 14. Bb2 g6 15.
Ng3 Qe7 16. Rad1 Rad8 17. Nce4 Nxe4 18. Nxe4 Qe6 19. Qc2 f5 20. Ng5 Qe7 21. f4
Bg7 22. Nf3 e4 23. Nd4 Nf8 24. Rf2 Rd7 25. Rfd2 Red8 26. Ne2 Bxb2 27. Qxb2 Rd3
28. Nc1 Rxd2 29. Rxd2 Ne6 30. b4 Kf7 31. Rxd8 Qxd8 32. Kf2 Qf6 33. Qd2 Qd8 34.
Qc3 Qf6 35. Qa3 a6 36. Ne2 h6 37. Qa5 Qe7 38. a3 Qc7 39. Qxc7+ Nxc7 40. g4 Ne6
41. Ng3 Ng7 42. Ke2 b6 43. Kd2 Ke7 44. Kc3 Kd6 45. Kd2 h5 46. gxf5 gxf5 47. h4
c5 48. Kc3 Kc6 49. Kb3 Kd6 50. Ka4 Kc6 51. Kb3 Kd6 52. Kb2 Kc6 53. Kc3 Kd6 54.
Kb3 Kd7 55. bxc5 bxc5 56. Ka4 Kc6 57. Kb3 Kd7 58. Kc2 Kd6 59. Kd2 Kc7 60. Ne2
Ne8 61. Kc2 Kd6 62. Nc3 Nf6 63. Kd2 Ke6 64. Ne2 Ne8 65. Kc2 Kd6 66. Kb3 Kc6 67.
Ng3 Ng7 68. Ka4 Kb6 69. Ne2 Kb7 70. Nc3 Kb6 71. Nd5+ Ka7 72. Ka5 Ne8 73. Ka4
Ng7 74. Kb3 Kb7 75. Nf6 Kc6 76. Kc3 Kd6 77. Kb3 Kc6 78. Ng8 Kc7 79. Ka4 Kb6 80.
Ne7 Kb7 81. Ka5 Ka7 82. Nc8+ Kb7 83. Nd6+ Ka7 84. Nc8+ Kb7 85. Nd6+ 1/2-1/2

[Event "2.BLW 1617 SG Bochum - Aachener SV"]
[Site "?"]
[Date "2017.01.15"]
[Round "4.2"]
[White "Kotainy, Jens"]
[Black "Koch, Thomas"]
[Result "1/2-1/2"]
[WhiteElo "2400"]
[BlackElo "2474"]
[PlyCount "61"]
[EventDate "2017.??.??"]

1. e4 c5 2. c3 d5 3. exd5 Qxd5 4. d4 e6 5. Nf3 Nf6 6. Be3 cxd4 7. cxd4 Nc6 8.
a3 Be7 9. Nc3 Qd6 10. Bd3 O-O 11. O-O b6 12. Qe2 Bb7 13. Rad1 Rac8 14. Rfe1
Rfe8 15. Bg5 Qd8 16. h4 h6 17. Bxf6 Bxf6 18. Qe4 g6 19. h5 Na5 20. Qe3 g5 21.
Ne5 Bg7 22. Bb5 Re7 23. b4 Nc6 24. Nxc6 Bxc6 25. d5 Bxb5 26. Nxb5 Rd7 27. dxe6
Rxd1 28. exf7+ Kh8 29. Qe8+ Bf8 30. Qe5+ Bg7 31. Qe8+ 1/2-1/2

[Event "2.BLW 1617 SG Bochum - Aachener SV"]
[Site "?"]
[Date "2017.01.15"]
[Round "4.3"]
[White "Vandenbussche, Thibaut"]
[Black "Goudriaan, Etienne"]
[Result "0-1"]
[WhiteElo "2374"]
[BlackElo "2360"]
[PlyCount "120"]
[EventDate "2017.??.??"]

1. e4 c5 2. Nf3 d6 3. d4 Nf6 4. Nc3 cxd4 5. Nxd4 a6 6. Bg5 Nbd7 7. Qd3 b5 8.
O-O-O Bb7 9. Bxf6 gxf6 10. Be2 h5 11. Kb1 b4 12. Nd5 e6 13. Rhe1 exd5 14. exd5
Ne5 15. Qb3 Be7 16. Nf5 Ng6 17. Bxh5 Rxh5 18. Ng7+ Kf8 19. Nxh5 a5 20. Qe3 Kg8
21. Qh6 Qf8 22. Qd2 f5 23. Qd4 Qh6 24. Nf6+ Bxf6 25. Qxf6 Qf4 26. h4 b3 27.
cxb3 Qxh4 28. Qxf5 a4 29. Re4 Bc8 30. Re8+ Kg7 31. Rxc8 Ne7 32. Rc4 Nxf5 33.
Rxh4 Nxh4 34. Rd4 Nf5 35. Rg4+ Kf6 36. bxa4 Ke5 37. Rb4 Nd4 38. Rb7 f5 39. b3
Kxd5 40. Rc7 Re8 41. a5 Re2 42. a6 Nb5 43. Rf7 Nc3+ 44. Kc1 Nxa2+ 45. Kd1 Nc3+
46. Kc1 Rxf2 47. a7 Ra2 48. Rxf5+ Ke6 49. Rf3 Ne4 50. Rf4 d5 51. Rg4 Rxa7 52.
Kb2 Ke5 53. Rg8 Kd4 54. g4 Ke3 55. g5 d4 56. g6 d3 57. Rh8 Rg7 58. Rh3+ Kd4 59.
Rh6 d2 60. Kc2 Rc7+ 0-1

[Event "2.BLW 1617 SG Bochum - Aachener SV"]
[Site "?"]
[Date "2017.01.15"]
[Round "4.4"]
[White "Schlawin, Marlon"]
[Black "Jackelen, Thomas"]
[Result "1/2-1/2"]
[WhiteElo "2345"]
[BlackElo "2406"]
[PlyCount "41"]
[EventDate "2017.??.??"]

1. e4 e6 2. d4 d5 3. e5 c5 4. c3 Nc6 5. Nf3 Bd7 6. Be2 Nge7 7. Na3 cxd4 8. cxd4
Nf5 9. Nc2 Qb6 10. O-O Na5 11. b3 Bb5 12. g4 Ne7 13. Nfe1 Bxe2 14. Qxe2 Nac6
15. Be3 h5 16. h3 hxg4 17. hxg4 Nb4 18. Nxb4 Qxb4 19. Kg2 Nc6 20. Nc2 Qa5 21.
Qd2 {(=)} 1/2-1/2

[Event "2.BLW 1617 SG Bochum - Aachener SV"]
[Site "?"]
[Date "2017.01.15"]
[Round "4.5"]
[White "Sonntag, Hans-Hubert"]
[Black "Hengelbrock, Joachim"]
[Result "1/2-1/2"]
[WhiteElo "2352"]
[BlackElo "2310"]
[PlyCount "25"]
[EventDate "2017.??.??"]

1. d4 Nf6 2. Nf3 e6 3. e3 b6 4. Bd3 Bb7 5. O-O d5 6. b3 Nbd7 7. Bb2 g6 8. Nbd2
Bg7 9. c4 O-O 10. Rc1 c5 11. Qe2 a5 12. cxd5 Nxd5 13. Bb5 {(=)} 1/2-1/2

[Event "2.BLW 1617 SG Bochum - Aachener SV"]
[Site "?"]
[Date "2017.01.15"]
[Round "4.6"]
[White "Backwinkel, Paul"]
[Black "Klein, Felix"]
[Result "1-0"]
[WhiteElo "2308"]
[BlackElo "2320"]
[PlyCount "111"]
[EventDate "2017.??.??"]

1. d4 d5 2. c3 c6 3. Bf4 Bf5 4. Qb3 Qb6 5. Nd2 Nf6 6. Ngf3 h6 7. h3 Nbd7 8. e3
e6 9. Be2 Be7 10. O-O O-O 11. Ne5 c5 12. Nxd7 Nxd7 13. Qxb6 Nxb6 14. a4 cxd4
15. exd4 Nc8 16. b3 Nd6 17. c4 dxc4 18. bxc4 Rac8 19. Rfc1 Ne4 20. Nb3 Rfd8 21.
f3 Nd6 22. a5 Bf6 23. Be3 Bg6 24. g4 e5 25. d5 e4 26. f4 Bxa1 27. Nxa1 f5 28.
Bxa7 fxg4 29. hxg4 e3 30. Nb3 Bf7 31. Bb6 Re8 32. c5 Ne4 33. d6 Bxb3 34. d7 Ba4
35. dxc8=Q Rxc8 36. a6 bxa6 37. Bxa6 Re8 38. c6 Nd6 39. c7 Bd7 40. Be2 Nc8 41.
Bd4 Re4 42. Be5 Kf7 43. Bf3 Rb4 44. Re1 g5 45. f5 h5 46. Rxe3 hxg4 47. Bd5+ Kf8
48. f6 Rb1+ 49. Kf2 Rb5 50. Bb3 Rb6 51. Bb2 Be6 52. Bxe6 Rxb2+ 53. Kg3 Nd6 54.
Kxg4 Rg2+ 55. Kh5 Rc2 56. Rd3 1-0

[Event "2.BLW 1617 SG Bochum - Aachener SV"]
[Site "?"]
[Date "2017.01.15"]
[Round "4.7"]
[White "Coenen, Norbert"]
[Black "Werthebach, Felix"]
[Result "0-1"]
[WhiteElo "2297"]
[BlackElo "2144"]
[PlyCount "70"]
[EventDate "2017.??.??"]

1. e4 c5 2. Nf3 e6 3. c4 Nc6 4. Nc3 a6 5. Be2 Nd4 6. O-O g6 7. Rb1 Bg7 8. b4
cxb4 9. Rxb4 Ne7 10. Nxd4 Bxd4 11. Rb3 O-O 12. Bf3 Qc7 13. Ne2 Nc6 14. Nxd4
Nxd4 15. Rc3 d6 16. g3 e5 17. Bg2 Be6 18. Kh1 Rac8 19. d3 b5 20. Bh6 Rfe8 21.
f4 f5 22. g4 Kh8 23. fxe5 dxe5 24. exf5 gxf5 25. Qe1 b4 26. Rc1 f4 27. Qh4 Qf7
28. Rce1 Bd7 29. Bg5 Rc6 30. Bd5 Qg7 31. Bxc6 Bxc6+ 32. Kg1 Rf8 33. Bh6 Qa7 34.
c5 Qxc5 35. Qh5 Ne2# 0-1

[Event "2.BLW 1617 SG Bochum - Aachener SV"]
[Site "?"]
[Date "2017.01.15"]
[Round "4.8"]
[White "Tkachuk, Konstantyn"]
[Black "Meessen, Rudolf"]
[Result "0-1"]
[WhiteElo "2270"]
[BlackElo "2285"]
[PlyCount "86"]
[EventDate "2017.??.??"]

1. e4 e6 2. d4 d5 3. exd5 exd5 4. Nf3 Bd6 5. c4 Nf6 6. Nc3 O-O 7. Be2 dxc4 8.
O-O Nbd7 9. Bxc4 Nb6 10. Bb3 h6 11. Ne5 c6 12. Qf3 Nbd5 13. Nxd5 Nxd5 14. Bxd5
cxd5 15. Qxd5 Be6 16. Qxb7 Qa5 17. b3 Bxe5 18. dxe5 Qxe5 19. Be3 Bd5 20. Qb4 a5
21. Qf4 Qh5 22. Rac1 Rfd8 23. f3 Be6 24. Rc5 Rd5 25. Rfc1 Rxc5 26. Rxc5 Qg6 27.
Qa4 Bh3 28. Bg5 hxg5 29. gxh3 Qb1+ 30. Kg2 Rd8 31. Qxa5 Qd1 32. Rxg5 Rd2+ 33.
Kg3 Qe1+ 34. Kg4 Rd4+ 35. f4 Qe2+ 36. Kh4 Qf2+ 37. Rg3 Qxf4+ 38. Rg4 Qf2+ 39.
Kh5 g6+ 40. Kg5 Qe3+ 41. Kh4 Qh6+ 42. Kg3 Rd3+ 43. Kf2 Qe3+ 0-1

[Event "2.BLW 1617 SG Köln Porz - Düsseldorfer"]
[Site "?"]
[Date "2017.01.15"]
[Round "4.2"]
[White "Khenkin, Igor"]
[Black "Schuh, Dirk"]
[Result "1/2-1/2"]
[WhiteElo "2565"]
[BlackElo "2368"]
[PlyCount "147"]
[EventDate "2017.??.??"]

1. d4 d5 2. c4 e6 3. Nc3 Bb4 4. a3 Bxc3+ 5. bxc3 c6 6. e3 Nf6 7. Bd3 e5 8. Ne2
e4 9. Bc2 O-O 10. O-O b6 11. cxd5 cxd5 12. c4 Ba6 13. cxd5 Qxd5 14. f3 Nbd7 15.
Rf2 Bb7 16. Nc3 Qe6 17. Bb3 Qc6 18. Bb2 Rae8 19. d5 Qc5 20. Nxe4 Nxe4 21. fxe4
Rxe4 22. Bd4 Qd6 23. Qh5 f6 24. Bc2 g6 25. Qh3 Re7 26. e4 Ne5 27. Qg3 Rff7 28.
a4 Rc7 29. Rxf6 Rxf6 30. Bxe5 Qc5+ 31. Kh1 Qxc2 32. Bxf6 Qc1+ 33. Qe1 Qf4 34.
Bh4 Rc4 35. Bg3 Qxe4 36. Qxe4 Rxe4 37. d6 Re2 38. Kg1 Rxg2+ 39. Kf1 Rd2 40. Rc1
Be4 41. Rc7 Bf5 42. Rxa7 h5 43. h4 Kf8 44. Bf4 Rd4 45. Bg5 Ke8 46. Re7+ Kf8 47.
Rb7 Ke8 48. Re7+ Kf8 49. Ra7 Ke8 50. Be7 Bd7 51. a5 bxa5 52. Rxa5 Bf5 53. Kf2
Kf7 54. Ke3 Re4+ 55. Kd2 Rd4+ 56. Kc3 Rd1 57. Ra7 Ke6 58. Bf8 Kf6 59. Kc4 Rc1+
60. Kd4 Rd1+ 61. Kc5 Rc1+ 62. Kd4 Rd1+ 63. Kc3 Rd3+ 64. Kc4 Rd1 65. Be7+ Ke5
66. Ra5+ Ke6 67. Ra3 Kf7 68. Kc5 Rc1+ 69. Kd5 Rd1+ 70. Ke5 Re1+ 71. Kf4 Rg1 72.
Ra7 Ke6 73. Bf8 Rg4+ 74. Ke3 1/2-1/2

[Event "2.BLW 1617 SG Köln Porz - Düsseldorfer"]
[Site "?"]
[Date "2017.01.15"]
[Round "4.3"]
[White "Stark, Lars"]
[Black "Korneev, Oleg"]
[Result "1/2-1/2"]
[WhiteElo "2401"]
[BlackElo "2598"]
[PlyCount "42"]
[EventDate "2017.??.??"]

1. c4 e5 2. g3 Nc6 3. Bg2 Bc5 4. Nc3 d6 5. e3 a6 6. Nge2 Ba7 7. Nd5 Nce7 8. d4
c6 9. Ndc3 Ng6 10. b3 Nf6 11. Ba3 exd4 12. Nxd4 Qa5 13. Bb2 Bd7 14. Qd2 Rd8 15.
h3 Bc8 16. Rd1 Qc7 17. O-O O-O 18. Qc2 Rfe8 19. Nf5 Ne7 20. Nxe7+ Qxe7 21. Rd2
h5 1/2-1/2

[Event "2.BLW 1617 SG Köln Porz - Düsseldorfer"]
[Site "?"]
[Date "2017.01.15"]
[Round "4.4"]
[White "Reinderman, Dimitri"]
[Black "de Gleria, Francesco"]
[Result "1-0"]
[WhiteElo "2578"]
[BlackElo "2381"]
[PlyCount "73"]
[EventDate "2017.??.??"]

1. d4 Nf6 2. c4 g6 3. Nc3 Bg7 4. e4 d6 5. Nf3 O-O 6. Be2 e5 7. O-O Nc6 8. d5
Ne7 9. Ne1 Nd7 10. f3 f5 11. Be3 f4 12. Bf2 g5 13. Rc1 Rf6 14. Nd3 Rh6 15. c5
Qe8 16. Nb5 Qh5 17. h4 gxh4 18. Nxc7 Rg6 19. cxd6 Qg5 20. Ne1 h3 21. Ne6 Qh6
22. dxe7 Nf6 23. g4 fxg3 24. Bxg3 Qh4 25. Kh1 Qxg3 26. Qc2 Bh6 27. Rd1 Bd7 28.
Bc4 b5 29. Bb3 Be3 30. Rd3 Bb6 31. d6 Kh8 32. Nf8 Rg7 33. Qh2 Qg5 34. Nxd7 Nxd7
35. f4 exf4 36. Qxf4 Qxf4 37. Rxf4 1-0

[Event "2.BLW 1617 SG Köln Porz - Düsseldorfer"]
[Site "?"]
[Date "2017.01.15"]
[Round "4.5"]
[White "Coenen, Michael"]
[Black "Van Den Doel, Erik"]
[Result "1/2-1/2"]
[WhiteElo "2379"]
[BlackElo "2568"]
[PlyCount "90"]
[EventDate "2017.??.??"]

1. d4 d5 2. Nf3 Nf6 3. c4 dxc4 4. e3 Bg4 5. Bxc4 e6 6. h3 Bh5 7. O-O Nbd7 8.
Nc3 Bb4 9. Be2 O-O 10. Bd2 c5 11. dxc5 Bxc5 12. Rc1 Qe7 13. Qb3 Rab8 14. Rfd1
a6 15. a3 Bd6 16. Qa2 h6 17. Be1 Rbc8 18. Nd4 Bg6 19. Bd3 Bxd3 20. Rxd3 Ne5 21.
Rdd1 Rfd8 22. Nce2 Rxc1 23. Rxc1 Nd3 24. Rd1 Nxe1 25. Rxe1 Bb8 26. Nc3 Be5 27.
Nce2 Ne4 28. Nf3 Bf6 29. Ned4 g6 30. Qc4 Qc5 31. Qb3 Qd5 32. Qxd5 Rxd5 33. Rc1
Rc5 34. Rxc5 Nxc5 35. Kf1 Kf8 36. Ke2 Ke7 37. Nd2 Na4 38. b3 Bxd4 39. exd4 Nc3+
40. Kd3 Nd5 41. g3 g5 42. Ne4 b6 43. Nd2 Kd7 44. Ne4 Kc6 45. Nd2 Kd7 1/2-1/2

[Event "2.BLW 1617 SG Köln Porz - Düsseldorfer"]
[Site "?"]
[Date "2017.01.15"]
[Round "4.6"]
[White "Lutz, Christopher"]
[Black "Miedema, David"]
[Result "1-0"]
[WhiteElo "2535"]
[BlackElo "2362"]
[PlyCount "83"]
[EventDate "2017.??.??"]

1. e4 e5 2. Nf3 Nf6 3. Nxe5 d6 4. Nf3 Nxe4 5. d4 d5 6. Bd3 Bd6 7. O-O O-O 8. c4
c6 9. Re1 Bg4 10. h3 Bxf3 11. Qxf3 f5 12. Nc3 Bb4 13. a3 Ba5 14. b4 Bb6 15. Ne2
Qf6 16. Be3 Nd7 17. a4 a6 18. Rec1 Rf7 19. a5 Bd8 20. Rab1 g5 21. cxd5 cxd5 22.
h4 h6 23. Nc3 Nxc3 24. Rxc3 f4 25. Bc1 Qxd4 26. Bb2 Ne5 27. Qd1 Qxb4 28. Rb3
Qd6 29. Be4 Rd7 30. Bxe5 Qxe5 31. Rxb7 Bc7 32. Rxc7 Qxc7 33. Bxd5+ Kf8 34. Qd4
Rxd5 35. Qh8+ Ke7 36. Qg7+ Kd8 37. Qg8+ Ke7 38. Qxd5 Rb8 39. Re1+ Kf8 40. Qe6
Kg7 41. h5 Qc5 42. Qg6+ 1-0